000 01520nam0a22002891 4500
001 v19\rc\1694764
005 20260405131803.0
035 _a(NLR Aleph) 005230295
090 _a5598114
_c5598114
100 _a20061002e18971897|||y0rusy50 ca
101 0 _arus
102 _aRU
105 _ay z |||||
200 1 _aПятидесятилетие служения кафедрального протоиерея г. Одессы, Арсения Гаврииловича Лебединцева, в священном сане
210 _aОдесса
_c"Славянская" тип. Н. Хрисогелос
_d1897
215 _a21 с.
311 _aИз "Херсон. епарх. вед." № 2 за 1897 г.
488 0 _12001#$aХерсонские епархиальные ведомости$v1897, № 2
_tХерсонские епархиальные ведомости
532 1 2 _aПятидесятилетие служения кафедрального протоиерея города Одессы, Арсения Гаврииловича Лебединцева, в священном сане
702 1 _4570
_7ca
_8rus
_aЛебединцев
_bА. Г.
_cпротоиерей, историк
_f1818-1898
_gАрсений Гаврилович
_935677
_3RU\NLR\AUTH\7752744
801 0 _aRU
_bNLR
_c20061002
_gpsbo
801 0 _aRU
_bRuMoRGB
_c20061002
_2psbo
801 1 _aRU
_bProSoft-M
_c20061002
_2rusmarc
801 2 _aRU
_bNLR
_c20120210
_2rusmarc
852 _aNLR
_j20.101.3.367
942 _cBOOK
980 _aNB